[Event "Bhubaneswar op-A 14th"]
[Site "Bhubaneswar"]
[Date "2023.06.13"]
[Round "3"]
[White "Anirudh, R."]
[Black "Arpita, Mukherjee"]
[Result "0-1"]
[WhiteElo "1682"]
[BlackElo "2160"]
[PlyCount "116"]
[EventDate "2023.06.11"]
[EventType "swiss"]
[EventRounds "10"]
[EventCountry "IND"]
[SourceTitle "CBM 214 Extra"]
[Source "ChessBase"]
[SourceDate "2023.07.31"]
[SourceVersion "1"]
[SourceVersionDate "2023.07.31"]
[SourceQuality "1"]

1. d4 Nf6 2. Bf4 d5 3. e3 c5 4. Nf3 Nc6 5. Nbd2 e6 6. c3 Nh5 7. Bg5 Qb6 8. Qb3 h6 9. Bh4 g5 10. Bg3 Nxg3 11. hxg3 g4 12. Ng1 Bd7 13. Ne2 Qa5 14. Nf4 0-0-0 15. Be2 f5 16. a3 Bd6 17. 0-0-0 c4 18. Qc2 Ne7 19. Bxc4 Bxf4 20. exf4 dxc4 21. Nxc4 Qa6 22. Ne5 Be8 23. Rde1 Kb8 24. Nd3 Rd6 25. Nc5 Qc6 26. Qe2 Ng6 27. Nxe6 Bf7 28. Nc5 Ka8 29. Qc2 Qd5 30. Nd3 Rb6 31. Nb4 Qd7 32. Re3 h5 33. Nd3 Bd5 34. Nc5 Qf7 35. f3 gxf3 36. gxf3 a6 37. Nd3 h4 38. gxh4 Rxh4 39. Rxh4 Nxh4 40. Ne5 Qg7 41. Qf2 Ng2 42. Re2 Nxf4 43. Re1 Rh6 44. c4 Bxc4 45. Kb1 Nd3 46. Nxd3 Bxd3+ 47. Ka1 Rh8 48. Qe3 Bb5 49. Qf4 Qd7 50. Rc1 Rc8 51. Rd1 Qd5 52. Qe3 Re8 53. Qc3 Qc4 54. Qxc4 Bxc4 55. d5 Rd8 56. d6 Ka7 57. Rd4 Be6 58. Kb1 Kb6 0-1